Introduction to health science technology. / (Record no. 6460)
[ view plain ]
| 000 -LEADER | |
|---|---|
| fixed length control field | 01218nam a22001937a 4500 |
| 008 - FIXED-LENGTH DATA ELEMENTS--GENERAL INFORMATION | |
| fixed length control field | 180201b xxu||||| |||| 00| 0 eng d |
| 020 ## - INTERNATIONAL STANDARD BOOK NUMBER | |
| International Standard Book Number | 9781418021221 |
| 050 ## - LIBRARY OF CONGRESS CALL NUMBER | |
| Classification number | R690.S525 |
| 082 ## - DEWEY DECIMAL CLASSIFICATION NUMBER | |
| Edition number | 2nd ed. |
| 100 ## - MAIN ENTRY--PERSONAL NAME | |
| Personal name | SIMMERS, Louise. |
| 245 ## - TITLE STATEMENT | |
| Title | Introduction to health science technology. / |
| Statement of responsibility, etc. | Louise Simmers, Karen Simmers and Sharon Simmers. |
| 260 ## - PUBLICATION, DISTRIBUTION, ETC. | |
| Place of publication, distribution, etc. | Clifton Park: |
| Name of publisher, distributor, etc. | Cengage Learning, |
| Date of publication, distribution, etc. | 2009. |
| 300 ## - PHYSICAL DESCRIPTION | |
| Extent | xxvii, 620p.: |
| Other physical details | ill.; |
| Dimensions | 29cm |
| 500 ## - GENERAL NOTE | |
| General note | Includes appendix and glossary. |
| 505 ## - FORMATTED CONTENTS NOTE | |
| Formatted contents note | Contents: Health care industry and careers: History and trends of health care -- Health care systems -- Careers in health care -- Personal and professional qualities of a health care worker -- Legal and ethical responsibilities -- The human body: Medical terminology -- Anatomy and physiology -- Human growth and development -- Nutrition and diets -- Special considerations in health care: Cultural diversity -- Geriatric care -- Basics of health care: Promotion of safety -- Infection control -- Vital signs -- First aid -- Working in health care: Preparing for the world of work -- Computer technology in health care -- medical math. |
| 700 ## - ADDED ENTRY--PERSONAL NAME | |
| Personal name | Simmers, Karen |
| 700 ## - ADDED ENTRY--PERSONAL NAME | |
| Personal name | Simmers, Sharon |
| 942 ## - ADDED ENTRY ELEMENTS (KOHA) | |
| Source of classification or shelving scheme | Library of Congress Classification |
| Koha item type | Books |
| Withdrawn status | Lost status | Source of classification or shelving scheme | Damaged status | Not for loan | Home library | Current library | Shelving location | Date acquired | Total Checkouts | Full call number | Barcode | Date last seen | Copy number | Price effective from | Koha item type |
|---|---|---|---|---|---|---|---|---|---|---|---|---|---|---|---|
| Library of Congress Classification | WISCONSIN INTERNATIONAL UNIVERSITY COLLEGE, GHANA - MAIN LIBRARY | WISCONSIN INTERNATIONAL UNIVERSITY COLLEGE, GHANA - MAIN LIBRARY | nursing | 01/02/2018 | R690.S525 | NURS/415/077/18 | 01/02/2018 | 1 | 01/02/2018 | Books |
